Situación socieconómica de los mercados públicos de la Zona Metropolitana de Guadalajara frente a los supermercados /

Guardado en:
Detalles Bibliográficos
Autor principal: Hernández Luquín, Liliana Catalina (autor)
Formato: Tesis Libro
Idioma:Español
Temas:
Etiquetas: Agrega una etiqueta
Sin etiquetas, Sé el primero en etiquetar este registro!

MARC

LEADER 00000nam^a2200000^a^4500
001 000183871
005 20250521000000.0
009 20260310102054.9
037 |a Acervo ITESO - Biblioteca 
041 |a ESP 
090 |a MKT. 16 
100 |a Hernández Luquín, Liliana Catalina  |e (autor) 
245 1 0 |a Situación socieconómica de los mercados públicos de la Zona Metropolitana de Guadalajara frente a los supermercados /  |c L.C. Hernández Luquín. 
264 |a Guadalajara, México :  |b edición de autor,  |c 2005 
300 |a 1 disco compacto de computadora 
336 |a datos para computadora  |b cod  |2 rdacontenido 
337 |a computadora  |b c  |2 rdamedio 
338 |a disco de computadora  |b cd  |2 rdasoporte 
502 |a ITESO Tesis de Maestría en Mercadotecnia Global 
649 |a XX 
650 |a Mercados -  |z Guadalajara, Jalisco 
650 |a Mercados -  |z Jalisco 
650 |a Mercados -  |z México 
650 |a Supermercados -  |z Guadalajara, Jalisco 
650 |a Supermercados -  |z Jalisco 
650 |a Supermercados -  |z México 
650 |a Empresas Comerciales -  |x Administración 
650 |a Empresas -  |x Administración 
650 |a Canales de Distribución 
650 |a Distribución del Producto 
650 |a Competencia (Economía) 
650 |a Competitividad 
650 |a Mercadotecnia de Servicios 
650 |a Comercio Interior -  |z Guadalajara, Jalisco 
650 |a Comercio Interior -  |z Jalisco 
650 |a Comercio Interior -  |z México 
650 |a Ciencias Administrativas 
650 |a Economía -  |z Guadalajara, Jalisco -  |x Historia -  |y 2000-2006 
650 |a Economía -  |z Jalisco -  |x Historia -  |y 2000-2006 
650 |a Economía -  |z México -  |x Historia -  |y 2000-2006 
910 |a Fondo General 
920 |a Electrónicos - Tesis del ITESO en Disco 
905 |a 202 
901 |a 0500124462  |b IT2  |c STS  |u 20250521 
902 |a https://opac.biblio.iteso.mx/vufind/Record/000183871